00539nam a22001817a 4500003000400000005001700004008004100021020002200062040003200084100002200116245008300138260003700221300001100258440004200269650002100311650000800332700001700340OSt20220606182000.0220606b ||||| |||| 00| 0 spa d a978-987-555-051-3 cBiblioteca Ernesto Sábato aCherniavsky, Axel aFilosofía griegab: cómo nació la reflexión acerca del mundo y la vida aBuenos AiresbEra Nacientec2008 a176 p. aGuías gráficas para principiantes aFILOSOFIA GRIEGA aJLS aSapia, Pablo